| 000 | 01733nam a22001577a 4500 | ||
|---|---|---|---|
| 041 | _aukr | ||
| 080 | _a09 | ||
| 090 | _bСЕВ | ||
| 100 | _aСевостьянова О. В. | ||
| 245 | _aСемантична структура полісемантичних слів (на прикладі термінів, що позначають родинні стосунки) | ||
| 260 |
_aОстрог _bКАФ _c2004 |
||
| 300 | _a41 | ||
| 520 |
_aРозділ 1.Полісемія як лінгвістичне явище.
1.1.Полісемія і її типи; типи значень полісемного слова.
1.2.Діахронічний і синхронічний підходи до полісемії.
1.3.Полісемія та контекст і ситуація.
Розділ 2. Семантична структура полісемантичного слова.
2.1.Підходи до визначення семантичної структури слова.
2.2.Методи дослідження семантичної структури лексичних одиниць.
Розділ 3.Семантична структура та сполучуваність термінів, що позначають сімейні стосунки.
3.1.Семантична структура термінів, що позначають сімейні стосунки.
3.2.Підходи до дослідження сполучуваності слів.
3.3.Сполучуваність системи термінів, що позначають родинні стосунки. _0полісемія,семантична, сполучуваність,сімейні |
||
| 650 | _aResearch Papers | ||
| 999 |
_c282608 _d282608 |
||
| 942 | _cBK | ||